000 01441nam0a2200301 4500
001 RU\NLR\bibl\40012
005 20260407092937.0
021 _aRU
_b99-10555
_9512
035 _a(NLR Aleph) 000039020
090 _a202541
_c202541
100 _a19990723d1999 |||y0rusy50 ca
101 0 _arus
102 _aRU
105 _aa |||||||||
200 1 _aФедеральное Собрание Российской Федерации. Государственная Дума
_eСтеногр. заседания
_eБюл. № 243 (385) 10 марта 1999 г.
210 _aМ.
_cГос. Дума
_d[1999]
215 _a63 с.
_d30
601 0 1 _aРоссийская Федерация
_bФедеральное Собрание
_bГосударственная Дума
_jСтенографические отчеты
_xЗаседания
_92540242
_3RU\NLR\auth\661503944
601 0 1 _aРоссийская Федерация
_bГосударственная Дума
_jСтенографические отчеты
_xЗаседания
_92537580
_3RU\NLR\auth\661502569
686 _aХ620.611.32Р
710 0 1 _aРоссийская Федерация
_bГосударственная Дума
_c1996-1999
_bЗаседание
_f1999, март
_3RU\NLR\AUTH\8810050919
_9602088
801 0 _aRU
_bNLR
_c19990723
_gPSBO
801 1 _aRU
_bNLR
_c19990723
852 _aNLR
_j99-8/1317
942 _cBOOK
980 _aNB